<?xml version="1.0" encoding="UTF-8"?>
<record
    xmlns:xsi="http://www.w3.org/2001/XMLSchema-instance"
    xsi:schemaLocation="http://www.loc.gov/MARC21/slim http://www.loc.gov/standards/marcxml/schema/MARC21slim.xsd"
    xmlns="http://www.loc.gov/MARC21/slim">

  <leader>01620    a2200205   4500</leader>
  <controlfield tag="001">22770</controlfield>
  <controlfield tag="005">20260407155517.0</controlfield>
  <controlfield tag="008">260407a1976    arg                 spa d</controlfield>
  <controlfield tag="003">AR-UNSa-BCEJYS</controlfield>
  <datafield tag="040" ind1=" " ind2=" ">
    <subfield code="a">AR-UNSa-BCEJYS</subfield>
    <subfield code="b">spa</subfield>
    <subfield code="c">AR-UNSa-BCEJYS</subfield>
  </datafield>
  <datafield tag="080" ind1=" " ind2=" ">
    <subfield code="a">657</subfield>
    <subfield code="x">Contabilidad</subfield>
  </datafield>
  <datafield tag="245" ind1="1" ind2="0">
    <subfield code="a">La contabilidad en la administraci&#xF3;n de empresas</subfield>
    <subfield code="p">texto y casos</subfield>
  </datafield>
  <datafield tag="264" ind1=" " ind2="1">
    <subfield code="a">M&#xE9;xico :</subfield>
    <subfield code="b">Uni&#xF3;n Tipogr&#xE1;fica Editorial Hispano-Americana (UTEHA)</subfield>
    <subfield code="c">1976</subfield>
  </datafield>
  <datafield tag="300" ind1=" " ind2=" ">
    <subfield code="a">xiv, 721 p.</subfield>
    <subfield code="c">23 cm.</subfield>
  </datafield>
  <datafield tag="505" ind1=" " ind2=" ">
    <subfield code="a">Parte I: Principios de contabilidad financiera : 1. Uso de la informaci&#xF3;n contable por la administraci&#xF3;n - 2. Conceptos contables b&#xE1;sicos - 3. Introducci&#xF3;n a la medici&#xF3;n de los ingresos - 4. Registros y sistemas contables - 5. Otros aspectos de la medici&#xF3;n de ingresos - 6. Activos fijo y depreciaci&#xF3;n - 7. La medici&#xF3;n de ingresos en las compa&#xF1;&#xED;as - 8. Las acciones de capital, el super&#xE1;vit y los bonos - 9. El problema del nivel de precios - 10. Repaso de contabilidad financiera - Parte II: La contabilidad y el control administrativo: 11. An&#xE1;lisis de estados financieros - 12. Estados de movimiento de fondos - 13. Conceptos relativos al control - 14. Fundamentos de la contabilidad de costos - 15. Comparaci&#xF3;n de lo real y lo est&#xE1;ndar - Parte III: La contabilidad en la administraci&#xF3;n para planificaci&#xF3;n : 17. La decisi&#xF3;n entre cursos alternativos de acci&#xF3;n - 18. Planeaci&#xF3;n de inversiones en activo fijo - 19. Nuevos horizontes de la contabilidad - 20. Casos de repaso. </subfield>
  </datafield>
  <datafield tag="942" ind1=" " ind2=" ">
    <subfield code="c">BK</subfield>
  </datafield>
  <datafield tag="590" ind1=" " ind2=" ">
    <subfield code="a">niveau_biblio:m niveau_hierar:0</subfield>
  </datafield>
  <datafield tag="100" ind1="1" ind2=" ">
    <subfield code="a">Anthony, Robert N.</subfield>
  </datafield>
  <datafield tag="700" ind1="1" ind2=" ">
    <subfield code="a">Fagoaga C., Manuel</subfield>
  </datafield>
  <datafield tag="999" ind1=" " ind2=" ">
    <subfield code="c">1054</subfield>
    <subfield code="d">1054</subfield>
  </datafield>
  <datafield tag="952" ind1=" " ind2=" ">
    <subfield code="0">0</subfield>
    <subfield code="1">0</subfield>
    <subfield code="4">0</subfield>
    <subfield code="7">0</subfield>
    <subfield code="a">BCEJYS</subfield>
    <subfield code="b">BCEJYS</subfield>
    <subfield code="c">16</subfield>
    <subfield code="d">2026-04-07</subfield>
    <subfield code="l">0</subfield>
    <subfield code="o">657 A628/1976</subfield>
    <subfield code="p">L33314</subfield>
    <subfield code="r">2026-04-07 15:55:17</subfield>
    <subfield code="w">2026-04-07</subfield>
    <subfield code="y">L</subfield>
  </datafield>
  <datafield tag="952" ind1=" " ind2=" ">
    <subfield code="0">0</subfield>
    <subfield code="1">0</subfield>
    <subfield code="4">0</subfield>
    <subfield code="7">0</subfield>
    <subfield code="a">BCEJYS</subfield>
    <subfield code="b">BCEJYS</subfield>
    <subfield code="c">16</subfield>
    <subfield code="d">2026-04-07</subfield>
    <subfield code="l">0</subfield>
    <subfield code="o">657 A628/1976</subfield>
    <subfield code="p">L53400</subfield>
    <subfield code="r">2026-04-07 15:55:17</subfield>
    <subfield code="w">2026-04-07</subfield>
    <subfield code="y">L</subfield>
  </datafield>
</record>
